| 000 | 00826nam a2200241 a 4500 | ||
|---|---|---|---|
| 001 | 55908 | ||
| 003 | BD-RjUL | ||
| 005 | 20211209080330.0 | ||
| 008 | 161123s1985 bg ||||| |||| 00| 0 ben d | ||
| 020 | _c: TK 90.00 | ||
| 035 | _a(BD-RjUL)56032 | ||
| 040 |
_aBD-RjUL _bben _cBD-RjUL |
||
| 041 | _aben | ||
| 082 |
_223 _a581 _bHAU 1985 |
||
| 100 |
_a হোসেন, আ.ব.ম. এনায়েত _9166450 |
||
| 245 | 1 | 0 |
_aউদ্ভিদ বিজ্ঞান / _cআ.ব.ম. এনায়েত হোসেন |
| 260 |
_aঢাকা : _bবাংলা একাডেমী, _c১৯৮৫ |
||
| 300 |
_a খণ্ড. ; _c২৩ সেমি . |
||
| 505 | _aখণ্ড ১ -- | ||
| 650 |
_aউদ্ভিদ বিজ্ঞান _9122469 |
||
| 650 |
_aBotany _9166451 |
||
| 942 |
_2ddc _cBK |
||
| 999 |
_c55908 _d55908 |
||